|
|
|
|
| LEADER |
01465nam a2200289 a 4500 |
| 001 |
4389 |
| 003 |
BD-DhAAL |
| 008 |
091115s1991 bg a s 000 0 eng d |
| 010 |
|
|
|a \\\91909249
|
| 020 |
|
|
|a 9840511653
|
| 040 |
|
|
|a DLC
|c DLC
|d DLC
|d BD-DhAAL
|
| 082 |
0 |
0 |
|a 338.95492
|
| 245 |
0 |
0 |
|a Report of the task forces on Bangladesh development strategies for the 1990's :
|b policies for development :
|n volume one
|
| 260 |
|
|
|a Dhaka, Bangladesh :
|b University Press,
|c 1991.
|
| 300 |
|
|
|a ix, 374 pages :
|b illustrations ;
|c 25 cm.
|
| 362 |
0 |
|
|a Vol. 1
|
| 505 |
0 |
|
|a v. 1. Policies for development -- v. 2. Managing the development process -- v. 3. Developing the infrastructure -- v. 4. Environment policy, environment and development.
|
| 526 |
|
|
|a ESS
|
| 541 |
1 |
|
|a Complimentary copy from Professor Dr. Nasreen Khundker
|e 4389, 42020
|
| 650 |
|
0 |
|a Infrastructure (Economics)
|z Bangladesh.
|
| 650 |
|
0 |
|a Environmental policy
|z Bangladesh.
|
| 651 |
|
0 |
|a Bangladesh
|x Economic policy.
|
| 852 |
4 |
|
|a Ayesha Abed Library
|c General Stacks
|
| 942 |
|
|
|2 ddc
|c BK
|
| 999 |
|
|
|c 7928
|d 7928
|
| 952 |
|
|
|0 0
|1 0
|2 ddc
|4 0
|6 338_954920000000000_REP_1991
|7 0
|9 8901
|a BRACUL
|b BRACUL
|c GEN
|d 2010-03-30
|g 450.00
|l 1
|o 338.95492 REP
|p 3010004389
|r 2013-02-16
|s 2013-02-13
|t 1
|w 2010-03-30
|y BK
|
| 952 |
|
|
|0 0
|1 0
|2 ddc
|4 0
|6 338_954920000000000_REP
|7 0
|9 74895
|a BRACUL
|b BRACUL
|c GEN
|d 2024-01-02
|e Complimentary copy from Professor Dr. Nasreen Khundker
|g 450.00
|l 0
|o 338.95492 REP
|p 3010042020
|r 2024-01-02
|t 2
|w 2024-01-02
|y BK
|